[Event "Seville op 49th"]
[Site "Seville"]
[Date "2024.01.13"]
[Round "2"]
[White "Basso, Pier Luigi"]
[Black "Skalli, Taoufik"]
[Result "1-0"]
[WhiteElo "2482"]
[BlackElo "2011"]
[PlyCount "109"]
[EventDate "2024.01.12"]
[EventType "swiss"]
[EventRounds "9"]
[EventCountry "ESP"]
[SourceTitle "CB04_2024"]
[SourceDate "2023.10.16"]
[SourceVersion "1"]
[SourceVersionDate "2023.10.16"]
[SourceQuality "1"]

1. d4 Nf6 2. c4 e6 3. Nf3 Bb4+ 4. Bd2 Bxd2+ 5. Qxd2 0-0 6. g3 d5 7. Bg2 c6 8. 0-0 Nbd7 9. Rc1 Qe7 10. Na3 Ne4 11. Qe3 Qb4 12. Rc2 f5 13. Ne5 Qd6 14. f3 Nef6 15. Rd1 Qe7 16. Nb1 dxc4 17. Nxc4 Nd5 18. Qb3 f4 19. e4 N5b6 20. Nbd2 Kh8 21. gxf4 Rxf4 22. Qe3 Rf8 23. f4 Qh4 24. Rf1 Nxc4 25. Nxc4 Nf6 26. Qg3 Qh6 27. Ne5 Bd7 28. Qg5 Rad8 29. Qxh6 gxh6 30. Kf2 Be8 31. Ke3 Bg6 32. Rc3 Rfe8 33. Bf3 Re7 34. Rg1 Bh5 35. Bxh5 Nxh5 36. Rc2 Rf8 37. Rf2 Rc7 38. b4 Rg7 39. Rxg7 Kxg7 40. a4 Rc8 41. Rg2+ Kf8 42. Ng4 Kg7 43. e5 Kf8 44. Nxh6 Ng7 45. Ke4 b6 46. f5 exf5+ 47. Nxf5 Nxf5 48. Kxf5 c5 49. bxc5 bxc5 50. d5 c4 51. Kf6 Rc7 52. e6 c3 53. d6 c2 54. e7+ Ke8 55. d7+ 1-0

[Event "Chefchaouen op"]
[Site "Chefchaouen"]
[Date "2022.10.24"]
[Round "2"]
[White "Ennouri, Oussama"]
[Black "Skalli, Taoufik"]
[Result "1/2-1/2"]
[WhiteElo "1977"]
[BlackElo "1974"]
[PlyCount "87"]
[EventDate "2022.10.23"]
[EventType "swiss"]
[EventRounds "7"]
[EventCountry "MAR"]
[SourceTitle "EXT 2024"]
[Source "ChessBase"]
[SourceDate "2023.10.10"]
[SourceVersion "1"]
[SourceVersionDate "2023.10.10"]
[SourceQuality "1"]

1. e4 c5 2. Nc3 g6 3. d4 cxd4 4. Qxd4 Nf6 5. Qa4 Nc6 6. Bb5 Bg7 7. Nf3 0-0 8. h4 d5 9. e5 Ng4 10. Bxc6 bxc6 11. Qxc6 Rb8 12. 0-0 d4 13. Rd1 Bd7 14. Qc5 dxc3 15. Qxc3 Qb6 16. Be3 Nxe3 17. Rxd7 Ng4 18. Rf1 e6 19. b3 Rfe8 20. Qd3 h5 21. c4 Red8 22. Rd6 Qc7 23. Rd1 Rf8 24. Qd4 Qa5 25. Rd2 Nxe5 26. Qe3 Ng4 27. Qd3 Bh6 28. Re2 Bg7 29. g3 Bf6 30. Rexe6 Qxa2 31. Re2 Qxb3 32. Qd5 a5 33. Ng5 Qb1+ 34. Kg2 Qb7 35. Ne4 Qxd5 36. Rxd5 Bb2 37. Rxa5 Rfe8 38. c5 Bd4 39. Ra4 Bxc5 40. Rc4 Bf8 41. Ra4 Kg7 42. Ra7 Bc5 43. Rd7 Rbd8 44. Nxc5 1/2-1/2

[Event "Chefchaouen op"]
[Site "Chefchaouen"]
[Date "2022.10.24"]
[Round "3"]
[White "Skalli, Taoufik"]
[Black "Idrissi Naqib, Abdelali"]
[Result "1-0"]
[WhiteElo "1974"]
[BlackElo "1842"]
[PlyCount "141"]
[EventDate "2022.10.23"]
[EventType "swiss"]
[EventRounds "7"]
[EventCountry "MAR"]
[SourceTitle "EXT 2024"]
[Source "ChessBase"]
[SourceDate "2023.10.10"]
[SourceVersion "1"]
[SourceVersionDate "2023.10.10"]
[SourceQuality "1"]

1. e4 c5 2. Nf3 d6 3. d4 cxd4 4. Nxd4 Nc6 5. Nc3 Nf6 6. Bg5 Qa5 7. Bxf6 gxf6 8. Nb3 Qd8 9. Qh5 Ne5 10. Bb5+ Bd7 11. Bxd7+ Qxd7 12. Nd4 0-0-0 13. f4 Qg4 14. Qxg4+ Nxg4 15. h3 Ne3 16. Kf2 Nc4 17. b3 Nb6 18. Nd5 Nd7 19. Rad1 e6 20. Ne3 a6 21. g3 Be7 22. f5 Nf8 23. c4 Kc7 24. Kf3 h6 25. Ng2 e5 26. Ne2 Nd7 27. Ne3 Nb6 28. a4 a5 29. Nc3 Rhe8 30. Ned5+ Nxd5 31. Rxd5 b6 32. Rhd1 Rd7 33. Rb5 Bd8 34. Rbd5 Be7 35. g4 Kc6 36. R5d2 Bd8 37. Nd5 Rh8 38. Kg3 Rg8 39. Kh4 Rg5 40. Nc3 Be7 41. Rb1 Rd8 42. Nd5 Rd7 43. b4 axb4 44. Rxb4 Bd8 45. Rdb2 Ra7 46. Kg3 h5 47. Kh4 Ra8 48. Kg3 Ra6 49. Ne3 Ra8 50. Kf3 Bc7 51. Rg2 Rh8 52. h4 hxg4+ 53. Rxg4 Rgh5 54. Kg3 R8h7 55. Nd5 Bd8 56. Rb5 R5h6 57. Nb4+ Kd7 58. Nd3 Bc7 59. Ne1 Rh8 60. Ng2 Ra8 61. Rb4 Kc6 62. Rg7 Ra7 63. Ne3 Kc5 64. Nd5 Kd4 65. Rxf7 Bb8 66. Rxf6 Rg7+ 67. Kh3 Rhh7 68. Rxb6 Ba7 69. Rbxd6 Kxe4 70. Rg6 Rb7 71. Nf6+ 1-0

[Event "Chefchaouen op"]
[Site "Chefchaouen"]
[Date "2022.10.23"]
[Round "1"]
[White "Skalli, Taoufik"]
[Black "Kacem, Rian"]
[Result "1/2-1/2"]
[WhiteElo "1974"]
[BlackElo "1816"]
[PlyCount "98"]
[EventDate "2022.10.23"]
[EventType "swiss"]
[EventRounds "7"]
[EventCountry "MAR"]
[SourceTitle "EXT 2024"]
[Source "ChessBase"]
[SourceDate "2023.10.10"]
[SourceVersion "1"]
[SourceVersionDate "2023.10.10"]
[SourceQuality "1"]

1. e4 g6 2. d4 Bg7 3. Nc3 d6 4. Nf3 Nf6 5. h3 0-0 6. Be3 c6 7. a4 Qc7 8. Be2 Nbd7 9. 0-0 a6 10. a5 e5 11. dxe5 dxe5 12. Qd2 Nh5 13. g3 Re8 14. Ng5 Nhf6 15. Kg2 Nf8 16. Rfd1 h6 17. Nf3 Qd7 18. Qxd7 Bxd7 19. Nd2 Be6 20. Nc4 Bxc4 21. Bxc4 Rad8 22. f3 Rxd1 23. Rxd1 Ne6 24. Bxe6 Rxe6 25. Na4 Bf8 26. Rd8 Re8 27. Rd3 Bb4 28. Bb6 h5 29. c3 Bf8 30. Nc5 Bxc5 31. Bxc5 g5 32. g4 hxg4 33. hxg4 Kg7 34. Rd6 Re6 35. Rd1 Re8 36. Bb6 Kg6 37. b4 Re7 38. Rd8 Re8 39. Rd3 Re7 40. Kf2 Rd7 41. Ke2 Rxd3 42. Kxd3 Nd7 43. c4 f6 44. Kc3 Kf7 45. b5 Ke8 46. bxa6 bxa6 47. Be3 Ke7 48. Kb4 Kd6 49. Bf2 Ke6 1/2-1/2

[Event "Seville op 45th"]
[Site "Seville"]
[Date "2020.01.11"]
[Round "2"]
[White "Skalli, Taoufik"]
[Black "Das, Arghyadip"]
[Result "0-1"]
[WhiteElo "1961"]
[BlackElo "2451"]
[PlyCount "56"]
[EventDate "2020.01.10"]
[EventType "swiss"]
[EventRounds "9"]
[EventCountry "ESP"]
[SourceTitle "CBM 194 Extra"]
[Source "ChessBase"]
[SourceDate "2020.03.31"]
[SourceVersion "1"]
[SourceVersionDate "2020.03.31"]
[SourceQuality "1"]

1. e4 c5 2. Nf3 a6 3. d4 cxd4 4. Nxd4 Nf6 5. Nc3 e5 6. Nf3 Bb4 7. Be2 Nxe4 8. 0-0 Bxc3 9. bxc3 d6 10. Ba3 Qc7 11. c4 Nd7 12. Re1 Ndc5 13. Bd3 Nf6 14. Qd2 0-0 15. Nh4 Nh5 16. Qg5 Nf4 17. Rad1 f6 18. Qg3 Kh8 19. Bxc5 dxc5 20. Be4 Be6 21. Bd5 Rad8 22. Qf3 Qf7 23. Bxb7 Bxc4 24. Rxd8 Rxd8 25. Rd1 Rxd1+ 26. Qxd1 Qxb7 27. Qd8+ Bg8 28. g3 Qb1+ 0-1

[Event "Ferreira do Alentejo op 1st"]
[Site "Ferreira do Alentejo"]
[Date "2018.09.30"]
[Round "9"]
[White "Skalli, Taoufik"]
[Black "Sharma, Dinesh Kumar"]
[Result "1/2-1/2"]
[WhiteElo "1861"]
[BlackElo "2276"]
[PlyCount "127"]
[EventDate "2018.09.26"]
[EventType "swiss"]
[EventRounds "9"]
[EventCountry "POR"]
[SourceTitle "CBM 186 Extra"]
[Source "ChessBase"]
[SourceDate "2018.08.24"]
[SourceVersion "1"]
[SourceVersionDate "2018.08.24"]
[SourceQuality "1"]

1. e4 e6 2. d4 d5 3. Nc3 Nf6 4. e5 Nfd7 5. f4 c5 6. Nf3 a6 7. Ne2 Nc6 8. c3 f6 9. g3 cxd4 10. Nexd4 Nxd4 11. Nxd4 Qb6 12. exf6 Nxf6 13. Bg2 Bd6 14. Qb3 Qxb3 15. axb3 0-0 16. b4 e5 17. fxe5 Bxe5 18. 0-0 Bg4 19. Re1 Rfe8 20. Bg5 Rad8 21. Nf3 Bc7 22. Nd4 Kf7 23. h3 Rxe1+ 24. Rxe1 Bc8 25. g4 h6 26. Bxf6 Kxf6 27. Rf1+ Ke7 28. Nf5+ Bxf5 29. Rxf5 Ke6 30. Kf1 Be5 31. Ke2 b5 32. Rf1 Rd6 33. Rd1 d4 34. Rd3 Bf6 35. Bb7 Kd7 36. Bf3 Kc7 37. Be4 Be5 38. h4 Bf6 39. h5 Be5 40. Rf3 Bf6 41. Rd3 Rd8 42. Kf3 dxc3 43. Rxd8 Kxd8 44. bxc3 Kc7 45. c4 bxc4 46. Bd5 c3 47. Ke3 Be7 48. b5 a5 49. Kd3 Bf6 50. Bb3 Be5 51. Kc4 Kd6 52. Bc2 Bf6 53. Bd1 Be5 54. Bc2 Ke6 55. Bd1 Kf6 56. b6 Kg5 57. b7 Kf4 58. b8Q Bxb8 59. Kxc3 Bd6 60. Kb3 Ke3 61. Ka4 Bb4 62. Bb3 Kf4 63. Be6 Bc3 64. Bc8 1/2-1/2

[Event "Ferreira do Alentejo op 1st"]
[Site "Ferreira do Alentejo"]
[Date "2018.09.28"]
[Round "5"]
[White "Skalli, Taoufik"]
[Black "Represa Perez, Mireya"]
[Result "0-1"]
[WhiteElo "1861"]
[BlackElo "2151"]
[PlyCount "52"]
[EventDate "2018.09.26"]
[EventType "swiss"]
[EventRounds "9"]
[EventCountry "POR"]
[SourceTitle "CBM 186 Extra"]
[Source "ChessBase"]
[SourceDate "2018.08.24"]
[SourceVersion "1"]
[SourceVersionDate "2018.08.24"]
[SourceQuality "1"]

1. e4 c5 2. Nf3 d6 3. d4 cxd4 4. Nxd4 Nf6 5. Nc3 a6 6. f4 e5 7. Nb3 Nbd7 8. g4 d5 9. g5 d4 10. gxf6 dxc3 11. fxe5 Bb4 12. Ke2 Qc7 13. Qd4 a5 14. a3 cxb2 15. Bxb2 Qxc2+ 16. Nd2 Bxd2 17. Qxd2 Qxe4+ 18. Kf2 0-0 19. Bd3 Qh4+ 20. Kf1 Nxf6 21. Qe3 Bh3+ 22. Ke2 Rad8 23. Rag1 Nd5 24. e6 g6 25. exf7+ Rxf7 26. Qc5 Nf4+ 0-1

[Event "Chefchaouen op 17th"]
[Site "Chefchaouen"]
[Date "2018.07.24"]
[Round "3"]
[White "Skalli, Taoufik"]
[Black "Adil, Abdelaziz"]
[Result "1/2-1/2"]
[WhiteElo "1861"]
[BlackElo "2062"]
[PlyCount "42"]
[EventDate "2018.07.23"]
[EventType "swiss"]
[EventRounds "9"]
[EventCountry "MAR"]
[SourceTitle "EXT 2020"]
[Source "ChessBase"]
[SourceDate "2019.10.17"]
[SourceVersion "1"]
[SourceVersionDate "2019.10.17"]
[SourceQuality "1"]

1. e4 e6 2. d4 d5 3. Nc3 Bb4 4. Bd3 dxe4 5. Bxe4 Nf6 6. Bf3 c5 7. Nge2 Nc6 8. a3 Bxc3+ 9. bxc3 Qa5 10. 0-0 0-0 11. Be3 e5 12. Bxc6 exd4 13. Bd2 bxc6 14. cxd4 Qa4 15. dxc5 Rd8 16. Qc1 Ba6 17. Re1 Bxe2 18. Rxe2 Qc4 19. Re1 Qxc5 20. Bg5 Rd6 21. Bxf6 Rxf6 1/2-1/2

[Event "Lisbon Portugal rapid op"]
[Site "Lisbon"]
[Date "2018.02.10"]
[Round "8"]
[White "Skalli, Taoufik"]
[Black "Dias, Ricardo Pedro Cruz"]
[Result "0-1"]
[WhiteElo "1858"]
[BlackElo "2162"]
[PlyCount "88"]
[EventDate "2018.02.10"]
[EventType "swiss (rapid)"]
[EventRounds "8"]
[EventCountry "POR"]
[SourceTitle "CBM 182 Extra"]
[Source "ChessBase"]
[SourceDate "2018.02.23"]
[SourceVersion "1"]
[SourceVersionDate "2018.02.23"]
[SourceQuality "1"]

1. e4 e5 2. Nf3 Nc6 3. d4 exd4 4. Bc4 Bc5 5. c3 Nf6 6. cxd4 Bb4+ 7. Bd2 Bxd2+ 8. Nbxd2 d5 9. exd5 Nxd5 10. Qb3 Nce7 11. Ne4 0-0 12. 0-0 Nb6 13. Bd3 Be6 14. Qc2 h6 15. Rfe1 Bd5 16. Ne5 Nc6 17. Nxc6 Bxc6 18. Rad1 Qd5 19. Qd2 f5 20. Re3 fxe4 21. Bxe4 Qd6 22. d5 Rad8 23. Rd3 Bd7 24. Rg3 Bf5 25. Qc3 Rd7 26. Bf3 c6 27. h3 Nxd5 28. Qd4 Qf6 29. Qc4 Be6 30. Qb3 Ne7 31. Qc2 Rxd1+ 32. Qxd1 Bd5 33. Bg4 Qxf2+ 34. Kh2 Qf4 35. Qe1 Nf5 36. Bxf5 Rxf5 37. Qe8+ Rf8 38. Qe7 Rf7 39. Qe8+ Kh7 40. a3 h5 41. h4 Qxh4+ 42. Rh3 Qf4+ 43. Kg1 Qf1+ 44. Kh2 Qxg2# 0-1

[Event "Lisbon Portugal op"]
[Site "Lisbon"]
[Date "2018.02.06"]
[Round "6"]
[White "Sahin, Ozgun"]
[Black "Skalli, Taoufik"]
[Result "1-0"]
[WhiteElo "2195"]
[BlackElo "1858"]
[PlyCount "73"]
[EventDate "2018.02.03"]
[EventType "swiss"]
[EventRounds "9"]
[EventCountry "POR"]
[SourceTitle "CBM 182 Extra"]
[Source "ChessBase"]
[SourceDate "2018.02.23"]
[SourceVersion "1"]
[SourceVersionDate "2018.02.23"]
[SourceQuality "1"]

1. e4 c5 2. d4 cxd4 3. c3 g6 4. cxd4 d5 5. e5 Bg7 6. Nf3 Bg4 7. h3 Bxf3 8. Qxf3 e6 9. Qb3 Qc7 10. Nc3 a6 11. Qa4+ Nc6 12. Nb5 Qb6 13. Nd6+ Kf8 14. Be3 Bh6 15. Be2 Bxe3 16. fxe3 Nh6 17. 0-0 Kg7 18. Bg4 Rhf8 19. Qd1 Nxe5 20. dxe5 Qxe3+ 21. Rf2 Qxe5 22. Nxb7 Qc7 23. Qd4+ Kg8 24. Nc5 Nxg4 25. hxg4 Rfc8 26. b4 a5 27. Raf1 Rf8 28. b5 Rac8 29. Nd3 Qb7 30. Ne5 f6 31. Rxf6 Rxf6 32. Rxf6 Rc1+ 33. Kh2 Qxb5 34. Qf4 Qb1 35. Rf8+ Kg7 36. Qf6+ Kh6 37. Nf7# 1-0

[Event "Lisbon Portugal op"]
[Site "Lisbon"]
[Date "2018.02.03"]
[Round "1"]
[White "Skalli, Taoufik"]
[Black "Klasan, Vladimir"]
[Result "0-1"]
[WhiteElo "1858"]
[BlackElo "2381"]
[PlyCount "66"]
[EventDate "2018.02.03"]
[EventType "swiss"]
[EventRounds "9"]
[EventCountry "POR"]
[SourceTitle "EXT 2019"]
[Source "ChessBase"]
[SourceDate "2018.10.10"]
[SourceVersion "1"]
[SourceVersionDate "2018.10.10"]
[SourceQuality "1"]

1. e4 c5 2. Nf3 d6 3. d4 cxd4 4. Nxd4 Nf6 5. Nc3 Nc6 6. Be2 e5 7. Nf3 h6 8. 0-0 Be7 9. Re1 0-0 10. Be3 Be6 11. a3 Rc8 12. Nd2 d5 13. exd5 Nxd5 14. Nxd5 Bxd5 15. c4 Be6 16. b4 a5 17. b5 Nd4 18. Bxd4 Qxd4 19. Bf3 Rcd8 20. Nf1 Qxc4 21. Qb1 b6 22. Ne3 Qf4 23. Be4 Rd2 24. Bf3 Bc5 25. Nd1 Bd4 26. Re4 Qg5 27. h4 Qd8 28. Ne3 f5 29. Rxd4 Qxd4 30. Qe1 f4 31. Nf1 Rxf2 32. Qxf2 Qxa1 33. Qxb6 Bc4 0-1